Statistics for Flags of Colonial Africa in 1914

Click here to take the quiz!

General Stats

  • This quiz has been taken 41 times
    (6 since last reset)
  • The average score is 19 of 44

Answer Stats

Answer% Correct
Anglo-Egyptian Sudan
100%
Belgian Congo
80%
French Tunisia
80%
Italian Libya
80%
Liberia
80%
Spanish Guinea
80%
Abyssinia
60%
British Egypt
60%
British Gambia
60%
British Mauritius
60%
British Nigeria
60%
British Sierra Leone
60%
French Algeria
60%
French Morocco
60%
Northern Rhodesia
60%
Portuguese Guinea
60%
Portuguese Mozambique
60%
Spanish Morocco
60%
Basutoland
40%
British East Africa
40%
British Seychelles
40%
British Somaliland
40%
French Comoros
40%
French Equatorial Africa
40%
French Madagascar
40%
German South West Africa
40%
Gold Coast
40%
Italian eritrea
40%
Italian Somaliland
40%
Kamerun
40%
Portuguese Cape Verde
40%
Spanish Sahara
40%
Union of South Africa
40%
British Uganda
20%
French Somaliland
20%
German East Africa
20%
Portuguese São Tomé and Príncipe
20%
Swaziland
20%
Bechuanaland
0%
Dervish State
0%
French North Africa
0%
Nyasaland
0%
Portuguese West Africa
0%
Sultanate of Hobyo
0%

Score Distribution

Percentile by Number Answered

Percent of People with Each Score

Your Score History

You have not taken this quiz since the last reset